LEADER 01096nam a2200277 i 4500 001 991001761899707536 008 060713s2001 maua b 001 0 eng d 020 $a1580533019 035 $ab1342337x-39ule_inst 040 $aDip.to Ingegneria dell'Innovazione$beng 082 0 $a621.385 100 1 $aNorris, Mark$0623984 245 10$aMobile IP technology for M-business /$cMark Norris. 260 $aBoston :$bArtech House,$cc2001 300 $axi, 291 p. :$bill. ;$c24 cm 440 0$aArtech House mobile communications series 504 $aIncludes bibliographical references and index 650 4$aTCP/IP (Computer network protocol) 650 4$aMobile communication systems 650 4$aInternet service providers. 907 $a.b1342337x$b21-09-06$c13-07-06 912 $a991001761899707536 945 $aLE026 621.385 NOR 01.01 2001$g1$i2026000019307$lle026$nProf. Tommasi / Biblioteca$op$pE87.28$q-$rl$s- $t4$u0$v0$w0$x0$y.i14268243$z13-07-06 996 $aMobile IP technology for M-business$91097154 997 $aUNISALENTO 998 $ale026$b13-07-06$cm$da $e-$feng$gmau$h0$i0 LEADER 02706nam 22006735 450 001 996309092203316 005 20240314033138.0 010 $a3-486-70288-2 024 7 $a10.1524/9783486702880 035 $a(CKB)3460000000003609 035 $a(EBL)1345008 035 $a(OCoLC)879549939 035 $a(SSID)ssj0001286888 035 $a(PQKBManifestationID)11748113 035 $a(PQKBTitleCode)TC0001286888 035 $a(PQKBWorkID)11276982 035 $a(PQKB)10274668 035 $a(MiAaPQ)EBC1345008 035 $a(DE-B1597)221622 035 $a(OCoLC)979610812 035 $a(DE-B1597)9783486702880 035 $a(oapen)https://directory.doabooks.org/handle/20.500.12854/49027 035 $a(EXLCZ)993460000000003609 100 $a20190615d2010 fg 101 0 $ager 135 $aur|n|---||||| 181 $ctxt 182 $cc 183 $acr 200 10$aGünzburg und der Fall Josef Mengele $eDie Heimatstadt und die Jagd nach dem NS-Verbrecher /$fSven Keller 205 $a1st ed. 210 $cDe Gruyter$d2003 210 1$aBerlin ;$aBoston : $cOldenbourg Wissenschaftsverlag, $d[2010] 210 4$d©2003 215 $a1 online resource (203 p.) 225 0 $aSchriftenreihe der Vierteljahrshefte für Zeitgeschichte ;$v87 300 $aDescription based upon print version of record. 311 $a3-486-64587-0 320 $aIncludes bibliographical references. 327 $tFront Matter -- $t Josef Mengele -- $t Der virtuelle Mengele -- $t Der Täter Mengele: Politische und weltanschauliche Genesis -- $t Die Mengeies: Soziale Ausnahmestellung einer Familie -- $t Die Günzburger Öffentlichkeit und der Fall Mengele 1945-1959 -- $t Die sechziger Jahre: Die Entstehung des Günzburg-Mythos -- $t Die achtziger Jahre: Konfrontation und Kulmination -- $t Ein langer Schatten -- $t Fazit -- $tBack Matter 330 $a""Das Buch ist absolut lesenswert und fu?r eine Magisterarbeit herausragend."" Herbert Schott, Mainfr. Jahrbuch 2007 410 0$aSchriftenreihe der Vierteljahrshefte fu?r Zeitgeschichte ;$vBand 87. 606 $aWar criminals$zGermany$vBiography 606 $aHolocaust, Jewish (1939-1945)$xHistoriography 607 $aGu?nzburg (Germany)$vBiography 607 $aGu?nzburg (Germany)$xHistoriography 615 0$aWar criminals 615 0$aHolocaust, Jewish (1939-1945)$xHistoriography. 676 $a364.15 676 $a364.151 676 $a364.151092 686 $aNQ 2350$2rvk 700 $aKeller$b Sven, $0861067 801 0$bDE-B1597 801 1$bDE-B1597 906 $aBOOK 912 $a996309092203316 996 $aGünzburg und der Fall Josef Mengele$92216492 997 $aUNISA LEADER 01726nam0 22004093i 450 001 NAP0560328 005 20251003044255.0 010 $a9780817647568 100 $a20130128e20081995||||0itac50 ba 101 | $aeng 102 $aus 181 1$6z01$ai $bxxxe 182 1$6z01$an 200 1 $aH [infinity]-optimal control and related minimax design problems$ea dynamic game approach$fTamer Ba?ar, Pierre Bernhard 205 $a2. ed 210 $aBoston [etc.]$cBirkhäuser$d2008 215 $aXI, 411 p.$d25 cm 225 | $aModern Birkhäuser classics 300 $aNel titolo, la parola infinity è rappresentata dal simbolo matematico dell'otto coricato. Riproduzione facsimilare dell'ed.: Boston : Birkha?user, 1995. 410 0$1001TO01608782$12001 $aModern Birkhäuser classics 606 $aOttimizzazione $2FIR$3MILC010488$9I 606 $aTeoria del controllo$2FIR$3CFIC103510$9E 676 $a629.8$9INGEGNERIA DEI CONTROLLI AUTOMATICI$v14 676 $a629.8312$9$v22 696 $aTeoria dei controlli automatici 699 $aTeoria del controllo$yTeoria dei controlli automatici 700 1$aBasar$b, Tamer$3UFIV018847$4070$0282101 701 1$aBernhard$b, Pierre$3MILV023475$4070$054445 790 1$aBasar$b, Tamer S.$3PAVV004316$zBasar, Tamer 801 3$aIT$bIT-000000$c20130128 850 $aIT-BN0095 901 $bNAP 01$cSALA DING $n$ 912 $aNAP0560328 950 0$aBiblioteca Centralizzata di Ateneo$c1 v.$d 01SALA DING 629.8 BAS.h$e 0102 0000095605 VMA A4 1 v.$fY $h20130128$i20130128 977 $a 01 996 $aH-optimal control and related minimax design problems$9349071 997 $aUNISANNIO